| 000 | 00847nam a22002175i 4500 | ||
|---|---|---|---|
| 001 | 152735 | ||
| 003 | ES-MaACL | ||
| 005 | 20250724074558.0 | ||
| 008 | 051018s1874 sp | |||||||| ||spa d | ||
| 040 |
_aCAM _bspa _cCAM |
||
| 100 | 1 |
_aBriot, Charles. _931779 |
|
| 245 | 1 | 0 |
_aTratado de álgebra superior conforme á los programas oficiales de enseñanza / _cpor Carlos Briot ; traducido por Celso Gomis y revisado por Lorenzo Presas. |
| 260 |
_aBarcelona : _b[s.n.], _c1874 ( _fAdministración Calle del Carmen, nº 20) |
||
| 300 |
_a436, [4] p. ; _c21 cm. |
||
| 650 | 7 |
_aÁlgebra _2embne _99720 |
|
| 700 | 1 |
_aGomis i Mestre, Cels. _958207 |
|
| 700 | 0 |
_aPresas, Lorenzo. _993773 |
|
| 852 |
_aES-MaACL _jF-5061 _z-- Enc. hol. _z-- Banderilla en pie de imp.: Madrid: Cárlos Bailyi-Bailliere |
||
| 999 |
_c152735 _d152735 |
||